Instructor's manual: (Record no. 363878)
[ view plain ]
| 000 -LEADER | |
|---|---|
| fixed length control field | 00377nam a2200121Ia 4500 |
| 008 - FIXED-LENGTH DATA ELEMENTS--GENERAL INFORMATION | |
| fixed length control field | 200626s9999 xx 000 0 und d |
| 020 ## - INTERNATIONAL STANDARD BOOK NUMBER | |
| International Standard Book Number | 0-13-101115-4 |
| 100 ## - MAIN ENTRY--PERSONAL NAME | |
| Personal name | Burns, Alvin C. |
| 245 ## - TITLE STATEMENT | |
| Statement of responsibility, etc | Alvin C. Burns, Ronald F. Bush.-- |
| Title | Instructor's manual: |
| Remainder of title | Marketing research:/ |
| 250 ## - EDITION STATEMENT | |
| Edition statement | 4th ed. |
| 260 ## - PUBLICATION, DISTRIBUTION, ETC. (IMPRINT) | |
| Place of publication, distribution, etc | New Jersey: |
| Name of publisher, distributor, etc | Prentice Hall, Inc. |
| Date of publication, distribution, etc | 2003 |
| 300 ## - PHYSICAL DESCRIPTION | |
| Extent | xiii, 355 pages |
| Withdrawn status | Lost status | Source of classification or shelving scheme | Damaged status | Home library | Current library | Shelving location | Date acquired | Source of acquisition | Total Checkouts | Full call number | Barcode | Date last seen | Price effective from | Koha item type |
|---|---|---|---|---|---|---|---|---|---|---|---|---|---|---|
| Library of Congress Classification | Southville International School Affiliated with Foreign Universities Library | Southville International School Affiliated with Foreign Universities Library | Southville Foreign University Section | 06/27/2020 | Donation | HF 5415.2 .B967 2003 | SFU1477 | 06/27/2020 | 06/27/2020 | Books |